Los partidos políticos en la democracia pluralista: algunas aspectos de su organización, sus objetivos y funciones /

El tema central del documento son los partidos políticos desde lo más general a lo más particular se introduce la cuestión objeto de estudio, haciendo referencia a la organización jurídica de la comunidad política. El articulo habla del aporte europeo para solucionar el problema del ordenamiento po...

Descripció completa

Guardat en:
Dades bibliogràfiques
Autor principal: Albert, Hans
Altres autors: Oberreuter, Heinrich, Lipset, Seymour M., Langguth, Gerd, Falke, Wolfgang, Simon, Werner, Haungs, Peter
Format: Text
Publicat: Buenos Aires: CIEDLA
Matèries:
Etiquetes: Afegir etiqueta
Sense etiquetes, Sigues el primer a etiquetar aquest registre!

MARC

LEADER 00000 a a2200000 04500
001 35745
003
040
020 |a 950-9431-05-2  
090 |a 0002 C397p  
100 |a Albert, Hans  
245 |a Los partidos políticos en la democracia pluralista: algunas aspectos de su organización, sus objetivos y funciones /  |c Albert Hans  
260 |a Buenos Aires:   |b CIEDLA  
300 |a 114 p.  
520 |a El tema central del documento son los partidos políticos desde lo más general a lo más particular se introduce la cuestión objeto de estudio, haciendo referencia a la organización jurídica de la comunidad política. El articulo habla del aporte europeo para solucionar el problema del ordenamiento político  
650 |a ASPECTOS POLITICOS  
650 |a ECONOMIA  
650 |a EUROPA  
700 |a Oberreuter, Heinrich  
700 |a Lipset, Seymour M.  
700 |a Langguth, Gerd  
700 |a Falke, Wolfgang  
700 |a Simon, Werner  
700 |a Haungs, Peter  
999 |c 16210  |d 16210